Teams from Spain - Sudden Death - Statistics

General Stats
  • This quiz has been taken 45 times
  • The average score is 6 of 11
Answers on the Grid
Answers color-coded by a green-red scale on the quiz's grid according to % correct below.
Alverca
Barcelona
Nacional
Albacete
Granada
Leiria
Porto
Real Oviedo
Arsenal
Real Madrid
CFR Cluj
Gimnasia
Cartagena
Inter Miami
FC Andorra
Deportivo Almaría
Lugo
Grenoble
Sevilla Atlético
Real León CF
UD Ibiza
Monza
Barakaldo
 
Answer Stats
Answer % Correct
Barcelona
94%
Real Madrid
88%
Granada
85%
Albacete
74%
Real Oviedo
62%
Sevilla Atlético
47%
Cartagena
44%
UD Ibiza
38%
Lugo
29%
FC Andorra
26%
Barakaldo
15%
No matching quizzes found
Score Distribution
Percent of People with Each Score
Percentile by Number Answered
Your Score History
You have not taken this quiz